LEADER 01601nas 2200565-a 450 001 9910896663003321 005 20250217111024.0 011 $a3040-8644 035 $a(CKB)991042745777930 035 $a(CONSER)sn-83005669- 035 $a(DcWaBHL)36469 035 $a(EXLCZ)99991042745777930 100 $a20750901b18971940 --- b 101 0 $afre 181 $ctxt$2rdacontent 182 $cc$2rdamedia 183 $acr$2rdacarrier 200 00$aArchives d'anatomie microscopique 210 $aParis $cMasson$d1897-1940 215 $a1 online resource 311 08$aPrint version: Archives d'anatomie microscopique. (DLC)sn 83005669 (OCoLC)1590055 0301-4509 531 0 $aArch. anat. microsc. 606 $aAnatomy$vPeriodicals 606 $aMorphology$vPeriodicals 606 $aAnatomy 606 $aEmbryology 606 $aHistology 606 $aEmbryologie$vPériodiques 606 $aHistologie$vPériodiques 606 $aAnatomie$vPériodiques 606 $aAnatomy$2fast$3(OCoLC)fst00808440 606 $aMorphology$2fast$3(OCoLC)fst01026452 608 $aPeriodical. 608 $aPeriodicals.$2fast 608 $aZeitschrift.$2gnd 615 0$aAnatomy 615 0$aMorphology 615 2$aAnatomy. 615 2$aEmbryology. 615 2$aHistology. 615 6$aEmbryologie 615 6$aHistologie 615 6$aAnatomie 615 7$aAnatomy. 615 7$aMorphology. 906 $aJOURNAL 912 $a9910896663003321 920 $aexl_impl conversion 996 $aArchives d'anatomie microscopique$9800321 997 $aUNINA LEADER 02277nam 2200553z- 450 001 9910557541603321 005 20211118 035 $a(CKB)5400000000044191 035 $a(oapen)https://directory.doabooks.org/handle/20.500.12854/73698 035 $a(oapen)doab73698 035 $a(EXLCZ)995400000000044191 100 $a20202111d2020 |y 0 101 0 $aeng 135 $aurmn|---annan 181 $ctxt$2rdacontent 182 $cc$2rdamedia 183 $acr$2rdacarrier 200 00$aAutophagy and Related Transcription Factors in Liver and Gut Diseases 210 $cFrontiers Media SA$d2020 215 $a1 online resource (109 p.) 311 08$a2-88963-546-5 330 $aThis eBook is a collection of articles from a Frontiers Research Topic. Frontiers Research Topics are very popular trademarks of the Frontiers Journals Series: they are collections of at least ten articles, all centered on a particular subject. With their unique mix of varied contributions from Original Research to Review Articles, Frontiers Research Topics unify the most influential researchers, the latest key findings and historical advances in a hot research area! Find out more on how to host your own Frontiers Research Topic or contribute to one as an author by contacting the Frontiers Editorial Office: frontiersin.org/about/contact 606 $aPharmacology$2bicssc 606 $aScience: general issues$2bicssc 610 $aAutophagy 610 $aDiseases 610 $aGut 610 $aLipophagy 610 $aLiver 615 7$aPharmacology 615 7$aScience: general issues 700 $aEid$b Nabil$4edt$01322361 702 $aThomes$b Paul$4edt 702 $aMenon$b Manoj B$4edt 702 $aZeng$b Tao$4edt 702 $aRaimundo$b Nuno$4edt 702 $aFernandez-Checa$b Jose C$4edt 702 $aWang$b Lin$4edt 702 $aEid$b Nabil$4oth 702 $aThomes$b Paul$4oth 702 $aMenon$b Manoj B$4oth 702 $aZeng$b Tao$4oth 702 $aRaimundo$b Nuno$4oth 702 $aFernandez-Checa$b Jose C$4oth 702 $aWang$b Lin$4oth 906 $aBOOK 912 $a9910557541603321 996 $aAutophagy and Related Transcription Factors in Liver and Gut Diseases$93034909 997 $aUNINA LEADER 02986nam 22005293 450 001 9910888062803321 005 20251116150539.0 010 $a9783428574599 010 $a3428574591 035 $a(CKB)5700000000103390 035 $a(MiAaPQ)EBC7101378 035 $a(Au-PeEL)EBL7101378 035 $a(OCoLC)1347025169 035 $a(Exl-AI)7101378 035 $a(EXLCZ)995700000000103390 100 $a20221219d2022 uy 0 101 0 $ager 135 $aurcnu|||||||| 181 $ctxt$2rdacontent 182 $cc$2rdamedia 183 $acr$2rdacarrier 200 14$aDie Konsumvereine in Rußland $eMit Einem Geleitwort Von Robert Wilbrandt. Untersuchungen über Konsumvereine. Hrsg. Von Carl Johannes Fuchs - Robert Wilbrandt. Die Konsumvereinsbewegung in Den Einzelnen ländern. Zweiter Teil. (Schriften des Vereins Für Sozialpolitik 150-II) 205 $a1st ed. 210 1$aBerlin :$cDuncker & Humblot,$d2022. 210 4$d©1922. 215 $a1 online resource (71 pages) 225 1 $aDuncker & Humblot reprints 311 08$a9783428174591 311 08$a3428174593 327 $aGeleitwort -- Fünfundzwanzig Jahre Genossenschafter -- Erstes Kapitel. Die Konsumvereine in Rußland -- I. -- II. -- III. -- Zweites Kapitel. Das russische Genossenschaftswesen während des Krieges und der Revolution -- Drittes Kapitel. Das russische Genossenschastswesen im Jahre 1918 -- Viertes Kapitel. Die Tätigkeit des russischen Genossenschaftswesens auf dem Gebiete des Volksunterrichts -- Fünftes Kapitel. Das Genossenschaftswesen in Sowjetrußland$7Generated by AI. 330 $aThis book explores the development and challenges of consumer cooperatives in Russia during the early 20th century. Authored by Vachan Totomianz, it provides a detailed account of the influence of socialism and Bolshevism on the cooperative movement, highlighting the political and economic dynamics of the era. The work examines how the Bolshevik regime's policies impacted the social and economic structures, leading to shifts in cooperative practices. The text also reflects on the broader implications of military and political strategies on socialism's practical applications. Intended for scholars and readers interested in Russian history, socialism, and cooperative economics, the book offers insights into the socio-political landscape of post-revolutionary Russia.$7Generated by AI. 410 0$aDuncker & Humblot reprints 517 $aKonsumvereine in Rußland 606 $aSocialism$zRussia$7Generated by AI 606 $aCooperative societies$7Generated by AI 615 0$aSocialism 615 0$aCooperative societies 700 $aFuchs$b Carl Johannes$0148514 701 $aWilbrandt$b Robert$01771897 701 $aTotomianz$b Vachan$01771905 801 0$bMiAaPQ 801 1$bMiAaPQ 801 2$bMiAaPQ 906 $aBOOK 912 $a9910888062803321 996 $aDie Konsumvereine in Rußland$94266881 997 $aUNINA